000 00445nam a2200193Ia 4500
005 20250423095240.0
008 250422s9999 xx 000 0 und d
020 _a9780123946263
050 _aQR 100 .E58/
100 _aPepper, Ian L.
245 0 _aEnvironmental microbiology
250 _a3rd ed.
260 _aLondon
260 _bAcademic Press
260 _c2015
300 _a705 p
650 _aMicrobial ecology.
942 _cBK
999 _c29697
_d29697